Toto et Ninetta - Statistiques

Statistiques générales
  • Ce quiz a été pris 41 fois
  • Le résultat moyen est 286 sur 424
Statistiques - réponses
Paroles % Correct
Et
100%
et
100%
le
91%
tu
91%
Tu
91%
à
88%
A
88%
la
88%
88%
toi
88%
Toi
88%
toi,
88%
de
85%
elle
85%
Elle
85%
es
85%
folle
85%
pense,
85%
pense
85%
je
82%
matin
82%
matin,
82%
Même
82%
même
82%
Ninetta
82%
nuit,
82%
nuit
82%
pour
82%
rêve
82%
Toto
82%
fait
79%
t'a
79%
t'aime
79%
t'aime,
79%
tout
79%
Tout
79%
est
76%
pas,
76%
pas
76%
vraiment,
76%
vois
73%
faite
70%
moi
70%
Bébé
64%
Bébe
64%
quand
64%
vie
64%
ou
61%
61%
61%
ensemble
58%
te
58%
que
55%
ce
45%
j'rêve
45%
les
45%
par
45%
sa
45%
Chaque
42%
des
42%
j'm'endors
42%
jour
42%
parle
39%
peu,
39%
qui
39%
un
39%
copines
36%
dit
36%
donc
36%
Donc
36%
dors
36%
embrouilles,
36%
faut
36%
l'oublies
36%
malgré
36%
mère
36%
passe
36%
pensait
36%
qu'elle
36%
qu'tu
36%
sans
36%
son
36%
tes
36%
Toujours
36%
veut
36%
bisou
33%
déçois
33%
Grandis
33%
problèmes
33%
quoi
33%
sur
33%
avec
30%
bouche
30%
boude,
30%
bout
30%
cause
30%
dirait
30%
fois
30%
magouilles,
30%
"mon
30%
mûri
30%
on
30%
ses
30%
temps
30%
voila
30%
amour"
27%
poto
27%
pousser
27%
ouais
24%
vous
24%
gars
21%
ira,
21%
t'appelle
21%
vas
21%
defois
18%
iras
18%
jalouse
18%
l'as
18%
oui
18%
plus
18%
touché,
18%
c'que
15%
demande
15%
fera
15%
ne
15%
Oh,
15%
t'en
15%
vieillir
15%
voudras
15%
bouges,
12%
beh
9%
Elle voit
6%
taquine
3%
Aucun quiz correspondant
Distribution des résultats
% des personnes avec chaque résultat
Percentile par nombre de réponses
Votre historique - résultats
Vous n’avez pas pris ce quiz